[Event "Hillerod CC-ch Gr1"]
[Site "Hillerod"]
[Date "2019.02.19"]
[Round "4"]
[White "Jensen, Torben W"]
[Black "Nygaard, Soren"]
[Result "0-1"]
[WhiteElo "1640"]
[BlackElo "1704"]
[PlyCount "112"]
[EventDate "2019.01.08"]
[EventType "tourn"]
[EventRounds "7"]
[EventCountry "DEN"]
[SourceTitle "EXT 2021"]
[Source "ChessBase"]
[SourceDate "2020.10.23"]
[SourceVersion "1"]
[SourceVersionDate "2020.10.23"]
[SourceQuality "1"]

1. d4 d5 2. Nf3 Nf6 3. c4 dxc4 4. Nc3 c6 5. e4 b5 6. e5 Nd5 7. a4 b4 8. Ne4 c3 9. bxc3 bxc3 10. Bc4 e6 11. 0-0 Ba6 12. Qb3 Qa5 13. Bxa6 Nxa6 14. Qb7 Qc7 15. Qxa6 Rb8 16. Qd3 Bb4 17. Nc5 Bxc5 18. dxc5 h6 19. Nd4 0-0 20. Qg3 Kh8 21. Ne2 c2 22. Bd2 Rb2 23. Bc3 Rb3 24. Qd3 Nxc3 25. Nxc3 Qxe5 26. Qxc2 Rxc3 27. Qb2 Qxc5 28. Rac1 Rxc1 29. Rxc1 Qd6 30. h3 Rb8 31. Qc2 Rc8 32. Rd1 Qe7 33. Qd2 c5 34. Kf1 Kg8 35. Qd6 Qxd6 36. Rxd6 Rc7 37. Ke2 Kf8 38. Rd8+ Ke7 39. Rb8 Kd6 40. Kd3 Kc6 41. Kc4 Rd7 42. Rc8+ Kb7 43. Rf8 Rc7 44. Rg8 g6 45. g4 Ka6 46. Rh8 Ka5 47. Rxh6 Kxa4 48. h4 a5 49. h5 gxh5 50. Rxh5 Rb7 51. Kxc5 Rb4 52. f3 Kb3 53. Rh3 Rf4 54. Rh7 a4 55. Rh1 Rxf3 56. Ra1 a3 0-1

[Event "Hillerod Skjold Burne op"]
[Site "Hillerod"]
[Date "2017.10.31"]
[Round "3"]
[White "Nygaard, Soren"]
[Black "Estrup, Philip"]
[Result "1-0"]
[WhiteElo "1767"]
[BlackElo "1000"]
[PlyCount "77"]
[EventDate "2017.10.03"]
[EventType "swiss"]
[EventRounds "4"]
[EventCountry "DEN"]
[SourceTitle "EXT 2024"]
[Source "ChessBase"]
[SourceDate "2023.10.10"]
[SourceVersion "1"]
[SourceVersionDate "2023.10.10"]
[SourceQuality "1"]

1. d4 Nf6 2. c4 e6 3. Nc3 Bb4 4. e3 0-0 5. Nge2 c5 6. a3 Bxc3+ 7. Nxc3 b6 8. Bd3 Bb7 9. 0-0 Nc6 10. Bd2 Ne7 11. b4 cxd4 12. exd4 a5 13. Bg5 Ng6 14. Ne4 d5 15. Nxf6+ gxf6 16. Bh6 Re8 17. c5 e5 18. Bf5 Bc8 19. Bc2 e4 20. Ba4 Re6 21. c6 b5 22. Bxb5 Ba6 23. Bxa6 Rxa6 24. b5 Rb6 25. a4 f5 26. Qd2 Rb8 27. Rac1 Qc7 28. Qg5 Kh8 29. Qh5 Rg8 30. Rc3 Nf4 31. Bxf4 Qxf4 32. Rh3 Rg7 33. Rh4 Qd2 34. Qd1 e3 35. Qxd2 exd2 36. Rh3 Re2 37. Rd3 f6 38. g3 Rge7 39. Kg2 1-0

[Event "Hillerod Byturnering B"]
[Site "Hillerod"]
[Date "2016.05.03"]
[Round "1"]
[White "Nygaard, Soren"]
[Black "Christiansen, Torsten Sundgaar"]
[Result "1-0"]
[WhiteElo "1752"]
[BlackElo "1732"]
[PlyCount "23"]
[EventDate "2016.04.26"]
[EventType "tourn"]
[EventRounds "7"]
[EventCountry "DEN"]
[SourceTitle "EXT 2024"]
[Source "ChessBase"]
[SourceDate "2023.10.10"]
[SourceVersion "1"]
[SourceVersionDate "2023.10.10"]
[SourceQuality "1"]

1. d4 g6 2. c4 Nf6 3. Nc3 d5 4. e3 c6 5. Qb3 e6 6. cxd5 exd5 7. Bd3 Qb6 8. Qc2 Na6 9. a3 Nc7 10. Na4 Bb4+ 11. Bd2 Bxd2+ 12. Kxd2 1-0

[Event "Hillerod Nordea Cup C"]
[Site "Hillerod"]
[Date "2014.04.29"]
[Round "1"]
[White "Jorgensen, Orla Eilegaard"]
[Black "Nygaard, Soren"]
[Result "0-1"]
[WhiteElo "1594"]
[BlackElo "1680"]
[PlyCount "46"]
[EventDate "2014.04.29"]
[EventType "tourn"]
[EventRounds "7"]
[EventCountry "DEN"]
[SourceTitle "EXT 2024"]
[Source "ChessBase"]
[SourceDate "2023.10.10"]
[SourceVersion "1"]
[SourceVersionDate "2023.10.10"]
[SourceQuality "1"]

1. d4 Nf6 2. Bg5 Ne4 3. Bh4 g5 4. Bg3 d5 5. Nd2 Nxg3 6. hxg3 Nc6 7. e3 Bg7 8. c4 e6 9. cxd5 exd5 10. Bd3 h6 11. Ngf3 Bg4 12. Qb3 0-0 13. Qxb7 Qd6 14. Qb3 Rab8 15. Qc3 Rfe8 16. 0-0 Nb4 17. b3 c5 18. a3 cxd4 19. Nxd4 Rec8 20. Nb5 Rxc3 21. Nxd6 Nxd3 22. f3 Bd7 23. Rab1 Rc6 0-1

[Event "Hillerod Nordea Cup C"]
[Site "Hillerod"]
[Date "2014.04.29"]
[Round "4"]
[White "Larsen, Finn"]
[Black "Nygaard, Soren"]
[Result "1/2-1/2"]
[WhiteElo "1847"]
[BlackElo "1680"]
[PlyCount "51"]
[EventDate "2014.04.29"]
[EventType "tourn"]
[EventRounds "7"]
[EventCountry "DEN"]
[SourceTitle "EXT 2024"]
[Source "ChessBase"]
[SourceDate "2023.10.10"]
[SourceVersion "1"]
[SourceVersionDate "2023.10.10"]
[SourceQuality "1"]

1. e4 c5 2. Nf3 Nc6 3. d4 cxd4 4. Nxd4 Nf6 5. Nc3 e5 6. Nf3 Bb4 7. Bd3 d5 8. exd5 Nxd5 9. Bd2 Bxc3 10. bxc3 0-0 11. 0-0 Bg4 12. h3 Be6 13. Qe2 Nf4 14. Bxf4 exf4 15. Qe4 g6 16. Qxf4 Rc8 17. Rfd1 Qa5 18. Rab1 Qxc3 19. Qh6 Qg7 20. Qf4 b6 21. Ba6 Rcd8 22. a3 Rxd1+ 23. Rxd1 Ne7 24. Qc7 Nd5 25. Qe5 Qxe5 26. Nxe5 1/2-1/2